zpět

Detail výsledku týmu

T-Quest, Praha

Datum a čas kvízu

25 Celkem bodů Celkový počet nahraných bodů na tomto kvízu bez doplňovacích otázek.
2. Pořadí na kvízu Konečné umístění týmu na tomto kvízu.

Zaznamenané odpovědi

# Otázka Odpověď Body Výsledky
1. Úřad jednoho města v okrese Pr... 1
2. Německá kancléřka Angela Merke... 0
3. Jak bylo oznámeno minulý týden... 0
4. Společnost Agrofert opouští po... 0
5. Jak se jmenuje česká biatlonis... 1
21. Nejdelší had na světě chovaný... 0
22. Tento živočich z řádu krokodýl... 1
23. Od želv se můžeme dostat ke Ga... 0
24. Jak se nazývá tento živočich?... 1
25. Kteří dva herci ztvárnili dvě... 1